| 000 | 01444cam a2200229 4500 | ||
|---|---|---|---|
| 001 | WB4011-09 | ||
| 008 | 040318n2004 000 0 eng u | ||
| 035 | _a(Sirsi) u125464 | ||
| 245 | _aBudget 2004 - RICS initial response | ||
| 260 | _c2004 | ||
| 490 |
_aRICS News Service _v(pr028) 17 March 2004 (2) |
||
| 520 | _aFocuses on the key budget proposals on housing, regeneration and construction. RICS welcomes the government's recognition of the annual private sector housing shortfall and comments on some of the main Barker report recommendations. The relocation of 20 000 long-term jobs outside London is seen as bringing great regeneration opportunities. The government's pledge to maintain firm and substantial increase in public investment is seen as good news for the UK construction industry. Full VAT relief on church repairs until March 2006 was also announced. Barker final report is available at http://www.hm-treasury.gov.uk/consultations_and_le gislation/barker/consult_barker_index.cfm. Full budget statement is available at http://www.hm-treasury.gov.uk/budget/budget_04/bud _bud04_index.cfm http://www.rics.org/ricscms/bin/show?class=PressRe lease&template=/includes/showpr.html&id=1143&facul ty=RICS | ||
| 590 | _aWB | ||
| 590 | _aWB | ||
| 650 | _aBUDGET 2004 | ||
| 650 | _aHOUSING | ||
| 650 | _aREGENERATION | ||
| 650 | _aCONSTRUCTION | ||
| 650 | _aCHURCH REPAIRS | ||
| 690 | _aECONOMIC ISSUES | ||
| 942 | _n0 | ||
| 999 |
_c117114 _d117114 |
||